000 00556nam a22001817a 4500
005 20240530110935.0
008 220214s1995 ua g 000 p ara d
017 _bمصر. دار الكتب
_a95/1967
040 _aEG-CaGPL
_cEG-CaGPL
082 0 4 _221
_a811.9/
_bع و
100 0 _aعبدالمنعم عواد يوسف
245 1 0 _aوكما يموت الناس مات /
_cعبدالمنعم عواد يوسف
250 _aط. 1
300 _a159 ص. ؛
_c20 سم
650 0 7 _2qrmak
_aالشعر العربى
651 _2qrmak
942 _2ddc
_cBK
999 _c66725
_d66725